[Event "4NCL/Div4a/SLOS4 vs. HKFC"]
[Site "Telford ENG"]
[Date "2005.01.16"]
[Round "4.6"]
[White "David, Murray J"]
[Black "Blackie, Neville"]
[Result "1-0"]
[WhiteElo "1910"]
[BlackElo "2020"]
[PlyCount "95"]
[EventDate "2005.01.16"]
[SourceDate "2004.09.21"]

1. e4 c5 2. Nc3 Nc6 3. g3 g6 4. Bg2 Bg7 5. d3 d6 6. f4 e6 7. Nf3 Nge7 8. O-O
O-O 9. Be3 Nd4 10. e5 Nef5 11. Bf2 Nxf3+ 12. Qxf3 Nd4 13. Qd1 dxe5 14. fxe5
Bxe5 15. Ne4 f5 16. Nxc5 Qc7 17. b4 Rd8 18. c3 Nb5 19. d4 Bg7 20. Qb3 Qf7 21.
a4 Nd6 22. Rae1 Re8 23. Be3 Rb8 24. Bf4 Bf8 25. d5 e5 26. Bxe5 b6 27. Ne6 Rxe6
28. dxe6 Bxe6 29. Qb1 Rc8 30. Rd1 Nc4 31. Bd4 Bh6 32. Rfe1 Nd2 33. Qb2 Ne4 34.
Bxe4 fxe4 35. Qf2 Qxf2+ 36. Kxf2 Bg4 37. Ra1 Bf3 38. Ra2 Kf7 39. Rc2 Rc4 40.
Ra1 Bf8 41. Rb1 Bg4 42. a5 e3+ 43. Kxe3 Bf5 44. Rf2 Ke6 45. Rbb2 Kd5 46. Rfe2
h5 47. Kf2 Be4 48. Rbd2 1-0

[Event "4NCL/Div4a/SLOS4 vs. RICB"]
[Site "Telford ENG"]
[Date "2005.02.26"]
[Round "5.1"]
[White "Payne, Nick"]
[Black "O'Toole, George"]
[Result "1/2-1/2"]
[WhiteElo "2101"]
[BlackElo "1896"]
[PlyCount "91"]
[EventDate "2005.02.26"]
[SourceDate "2004.09.21"]

1. e4 e5 2. Nf3 Nc6 3. Bc4 Bc5 4. d3 Nf6 5. Nc3 a6 6. Bg5 d6 7. Qd2 h6 8. Be3
Bxe3 9. fxe3 Na5 10. Bb3 Nxb3 11. axb3 Qe7 12. O-O Bd7 13. Qe1 Bc6 14. Nh4 g6
15. b4 b5 16. Qf2 Ng4 17. Qe1 Nxe3 18. Nxg6 Qg5 19. Nh4 Nxf1 20. Kxf1 Rg8 21.
Qf2 Qf4 22. Qxf4 exf4 23. Nf5 Bd7 24. Nd5 Kd8 25. Nxh6 Rg7 26. Nf5 Bxf5 27.
exf5 Rg5 28. Nxf4 Rxf5 29. g3 c6 30. Kf2 Kc7 31. Kf3 Kb6 32. d4 Rg5 33. Re1
Rgg8 34. Re7 Ra7 35. Re3 a5 36. bxa5+ Rxa5 37. Re7 Ra7 38. Re2 Rd7 39. h4 Kc7
40. g4 Kd8 41. Re3 Ra7 42. g5 Re8 43. Rc3 Kd7 44. Nh5 Rh8 45. Nf6+ Kc7 46. h5
1/2-1/2

[Event "4NCL/Div4a/SLOS4 vs. RICB"]
[Site "Telford ENG"]
[Date "2005.02.26"]
[Round "5.2"]
[White "Kenyon, Scott"]
[Black "Makepeace, Philip J"]
[Result "0-1"]
[WhiteElo "1875"]
[BlackElo "2015"]
[PlyCount "70"]
[EventDate "2005.02.26"]
[SourceDate "2004.09.21"]

1. e4 c6 2. d4 d5 3. e5 Bf5 4. h4 h5 5. c4 e6 6. Nc3 Ne7 7. Be2 dxc4 8. Bxc4
Nd5 9. a3 Nb6 10. Be2 c5 11. Nf3 Nc6 12. Be3 cxd4 13. Bxd4 Bg4 14. Bxb6 Qxb6
15. Bb5 Bc5 16. O-O O-O 17. Bxc6 Qxc6 18. Qe2 Be7 19. Ne4 Bxh4 20. Rac1 Qb6 21.
Qc2 Bxf3 22. gxf3 Qd4 23. f4 f5 24. exf6 Bxf6 25. b4 Rac8 26. Nxf6+ Qxf6 27.
Qxc8 Rxc8 28. Rxc8+ Kh7 29. Rfc1 Qxf4 30. R8c4 Qg5+ 31. Kh2 Qf5 32. Kg3 Qd3+
33. Kh4 Kh6 34. f4 Qf3 35. Rg1 Qe2 0-1

[Event "4NCL/Div4a/SLOS4 vs. RICB"]
[Site "Telford ENG"]
[Date "2005.02.26"]
[Round "5.3"]
[White "McCarthy, Kevin"]
[Black "Zhou, Yang-Fan"]
[Result "1-0"]
[WhiteElo "2065"]
[BlackElo "1880"]
[PlyCount "113"]
[EventDate "2005.02.26"]
[SourceDate "2004.09.21"]

1. d4 Nf6 2. Nc3 c5 3. Nf3 g6 4. e4 cxd4 5. Nxd4 d6 6. Bg5 Bg7 7. Bc4 O-O 8.
O-O Nc6 9. Nde2 Na5 10. Bd3 Be6 11. Nd4 Bd7 12. Kh1 Rc8 13. Qe2 Ng4 14. Nb3
Nxb3 15. axb3 Bd4 16. Nd5 f6 17. Bh4 g5 18. Bc4 Kh8 19. Bg3 a5 20. c3 Bc5 21.
h3 Nh6 22. Qh5 Kg7 23. f4 Be8 24. Qe2 Nf7 25. Ne3 Bxe3 26. Qxe3 h6 27. Rad1 b5
28. Be6 Bd7 29. Bxd7 Qxd7 30. e5 fxe5 31. fxe5 Qe6 32. Qb6 Nxe5 33. Rfe1 Qxb3
34. Bxe5+ dxe5 35. Rd7 Qf7 36. Qxb5 Qf6 37. Qxa5 Rf7 38. Qd5 Rc6 39. Qxe5 Qxe5
40. Rxe5 e6 41. Rxf7+ Kxf7 42. Kg1 Kf6 43. Re2 e5 44. Kf2 Rc4 45. Ke3 Ke6 46.
Kd3 Rf4 47. b4 Kd5 48. Rc2 e4+ 49. Ke3 Kc4 50. Rf2 Rxf2 51. Kxf2 Kd3 52. Ke1
Kc4 53. Ke2 h5 54. Ke3 Kd5 55. b5 g4 56. hxg4 hxg4 57. c4+ 1-0

[Event "4NCL/Div4a/SLOS4 vs. RICB"]
[Site "Telford ENG"]
[Date "2005.02.26"]
[Round "5.4"]
[White "O'Toole, Alex P"]
[Black "Jeffries, Majid"]
[Result "0-1"]
[WhiteElo "1795"]
[BlackElo "2024"]
[PlyCount "128"]
[EventDate "2005.02.26"]
[SourceDate "2004.09.21"]

1. e4 c5 2. Nf3 d6 3. Nc3 Nc6 4. Bb5 Bd7 5. O-O a6 6. Bxc6 bxc6 7. h3 e5 8. d3
Be7 9. Be3 Rb8 10. b3 Nf6 11. Bg5 O-O 12. Bxf6 Bxf6 13. Ne2 g6 14. c4 Be6 15.
Qc2 Bg7 16. Rad1 f5 17. Nc3 g5 18. exf5 Bxf5 19. Nd2 h6 20. g4 Bg6 21. Nce4 Rf4
22. f3 Qe7 23. Kg2 Rbf8 24. Rf2 R8f7 25. Rdf1 Bf8 26. Nc3 Qd8 27. Ne2 R4f6 28.
Ne4 Re6 29. Qc3 d5 30. cxd5 cxd5 31. Nxc5 Bxc5 32. Qxc5 Bxd3 33. Rd1 Rc7 34.
Qa5 Bxe2 35. Rxe2 Rd7 36. Qc3 Rde7 37. a4 Qd6 38. Red2 d4 39. Qc4 Rc7 40. Qd3
Qd5 41. b4 Rec6 42. b5 Rc3 43. Qg6+ Rg7 44. Qe8+ Kh7 45. Rf1 axb5 46. axb5 Rf7
47. Kg1 d3 48. b6 Rb3 49. Qb8 Qd4+ 50. Kg2 Rxb6 51. Qe8 Kg7 52. Re1 Rb2 53.
Rxb2 Qxb2+ 54. Kg3 d2 55. Rd1 Qd4 56. Qc6 Qf4+ 57. Kg2 Qd4 58. Qc2 Rd7 59. Kf1
Qe3 60. Kg2 Qe2+ 61. Kg3 Rf7 62. Qb3 e4 63. Qc3+ Kh7 64. Qxd2 Rxf3# 0-1

[Event "4NCL/Div4a/SLOS4 vs. RICB"]
[Site "Telford ENG"]
[Date "2005.02.26"]
[Round "5.5"]
[White "Foster, James J"]
[Black "Kamara, Khalid"]
[Result "1-0"]
[WhiteElo "2068"]
[BlackElo "1685"]
[PlyCount "91"]
[EventDate "2005.02.26"]
[SourceDate "2004.09.21"]

1. c4 Nf6 2. Nc3 g6 3. e4 d6 4. g3 Bg7 5. Bg2 O-O 6. Nge2 Nc6 7. O-O e5 8. h3
Be6 9. d3 Qd7 10. Kh2 Nh5 11. g4 Nf6 12. f4 exf4 13. Bxf4 Ne5 14. Nd5 Bxd5 15.
cxd5 Ne8 16. d4 Nc4 17. Qb3 Nb6 18. a4 a5 19. e5 f5 20. gxf5 Rxf5 21. Ng3 Rf8
22. Rae1 Qxa4 23. Qe3 Nc4 24. Qc1 dxe5 25. dxe5 Nb6 26. h4 Qc4 27. Qxc4 Nxc4
28. d6 Nb6 29. Bxb7 Ra7 30. Bc6 cxd6 31. exd6 Nf6 32. Re7 Rxe7 33. dxe7 Rc8 34.
Bg5 Nbd5 35. e8=Q+ Nxe8 36. Bxd5+ Kh8 37. Rf2 Rb8 38. b3 Nc7 39. Bc4 a4 40. Rf7
Ne8 41. bxa4 Nd6 42. Rc7 Rb2+ 43. Kh3 Rc2 44. Rd7 h6 45. Rd8+ Bf8 46. Bf6+ 1-0

[Event "4NCL/Div4a/SLOS4 vs. RICB"]
[Site "Telford ENG"]
[Date "2005.02.26"]
[Round "5.6"]
[White "Glover, Robert E"]
[Black "Barraclough, Stephanie"]
[Result "0-1"]
[WhiteElo "1755"]
[BlackElo "1922"]
[PlyCount "60"]
[EventDate "2005.02.26"]
[SourceDate "2004.09.21"]

1. e4 d6 2. d4 Nf6 3. Nc3 c6 4. Bd3 e5 5. dxe5 dxe5 6. Nf3 Bc5 7. Nxe5 Qd4 8.
Be3 Qxe5 9. Bxc5 Qxc5 10. O-O O-O 11. Kh1 Nbd7 12. f4 Nb6 13. e5 Ng4 14. Ne4
Qe7 15. h3 Nh6 16. Qh5 Nf5 17. Kh2 Qh4 18. Qxh4 Nxh4 19. g4 Ng6 20. Kg3 Nd7 21.
h4 Ne7 22. Rh1 Nb6 23. h5 h6 24. Rag1 f5 25. gxf5 Nxf5+ 26. Kf2 Nd5 27. Bc4 Be6
28. Rg4 Rae8 29. Bxd5 Bxd5 30. Nf6+ Rxf6 0-1

[Event "4NCL/Div4a/HKFC vs. OXF2"]
[Site "Telford ENG"]
[Date "2005.02.26"]
[Round "5.1"]
[White "Fowler, Simon"]
[Black "Terry, Sean"]
[Result "1-0"]
[WhiteElo "2116"]
[BlackElo "2015"]
[PlyCount "69"]
[EventDate "2005.02.26"]
[SourceDate "2004.09.21"]

1. d4 Nh6 2. Bxh6 gxh6 3. e4 e6 4. Bc4 Rg8 5. Nc3 b6 6. Qe2 Bb4 7. f4 Qh4+ 8.
Qf2 Qxf2+ 9. Kxf2 Bxc3 10. bxc3 Bb7 11. Bd3 f5 12. Re1 fxe4 13. Bxe4 Bxe4 14.
Rxe4 Na6 15. Nf3 O-O-O 16. g3 c5 17. a3 Nc7 18. Re5 d6 19. Re2 Kd7 20. Rhe1
Rde8 21. Rd2 Nb5 22. dxc5 bxc5 23. Red1 d5 24. Ne5+ Kc7 25. Rd3 Nxa3 26. Ra1
Nb5 27. c4 dxc4 28. Rd7+ Kc8 29. Rxh7 Rd8 30. Ra5 Rd2+ 31. Ke3 Rxc2 32. Rxb5
Rd8 33. Rxc5+ Kb8 34. Nc6+ Ka8 35. Rxa7# 1-0

[Event "4NCL/Div4a/HKFC vs. OXF2"]
[Site "Telford ENG"]
[Date "2005.02.26"]
[Round "5.2"]
[White "Ludbrook, Matt"]
[Black "Wildig, Robert H"]
[Result "1/2-1/2"]
[WhiteElo "2039"]
[BlackElo "2080"]
[PlyCount "123"]
[EventDate "2005.02.26"]
[SourceDate "2004.09.21"]

1. e4 e6 2. d4 d5 3. Nd2 Nf6 4. e5 Ng8 5. Bd3 b6 6. Ne2 Ba6 7. Bxa6 Nxa6 8. O-O
c6 9. Nf3 Nc7 10. Nf4 h5 11. Ne1 g6 12. f3 Nh6 13. g4 hxg4 14. fxg4 Qh4 15. h3
Kd7 16. Be3 Bg7 17. Rc1 Qe7 18. c4 Rhc8 19. b3 Ke8 20. Qd3 Kd7 21. Nxg6 fxg6
22. Qxg6 Rh8 23. Bg5 Bxe5 24. Bxe7 Rag8 25. Qd3 Nxg4 26. hxg4 Rxg4+ 27. Kf2
Rh2+ 28. Ng2 Rhxg2+ 29. Ke1 Rxd4 30. Qxd4 Bxd4 31. Bf6 e5 32. a4 Ne6 33. Kd1
Nc5 34. cxd5 cxd5 35. Rc2 Rg3 36. a5 Rxb3 37. axb6 axb6 38. Ke2 Ne4 39. Bh4 Rb2
40. Rf7+ Ke6 41. Rxb2 Kxf7 42. Rb3 Ke6 43. Bd8 b5 44. Ba5 Nd6 45. Bc7 e4 46.
Bxd6 Kxd6 47. Rxb5 Bc5 48. Rb8 d4 49. Re8 Kd5 50. Kd2 Bb4+ 51. Ke2 d3+ 52. Ke3
Bc5+ 53. Kd2 Kd4 54. Re6 e3+ 55. Kd1 Kd5 56. Re8 Bd4 57. Rd8+ Ke4 58. Re8+ Be5
59. Re7 Kf5 60. Re8 e2+ 61. Ke1 Kf4 62. Kd2 1/2-1/2

[Event "4NCL/Div4a/HKFC vs. OXF2"]
[Site "Telford ENG"]
[Date "2005.02.26"]
[Round "5.3"]
[White "Whelan, Liam"]
[Black "Harrison, Pete R"]
[Result "1-0"]
[WhiteElo "1990"]
[BlackElo "1875"]
[PlyCount "73"]
[EventDate "2005.02.26"]
[SourceDate "2004.09.21"]

1. d4 e6 2. e4 d5 3. exd5 exd5 4. c4 Nf6 5. Bd3 Bb4+ 6. Nc3 O-O 7. Nge2 dxc4 8.
Bxc4 Bf5 9. O-O Nbd7 10. Bg5 h6 11. Bh4 c6 12. f3 Qc7 13. Bg3 Bd6 14. Rc1 Nb6
15. Bd3 Bxd3 16. Qxd3 Nbd5 17. Nb5 cxb5 18. Rxc7 Bxc7 19. Qxb5 b6 20. Rc1 Bxg3
21. Nxg3 Rfe8 22. Ne4 Rad8 23. Re1 Nc7 24. Nxf6+ gxf6 25. Rxe8+ Rxe8 26. Qd7
Re1+ 27. Kf2 Rc1 28. d5 Nxd5 29. Qxd5 Rc2+ 30. Kg3 Rxb2 31. Qa8+ Kg7 32. Qxa7
b5 33. Qa3 Rb1 34. Qd3 Rb2 35. a3 b4 36. a4 Ra2 37. Qb3 1-0

[Event "4NCL/Div4a/HKFC vs. OXF2"]
[Site "Telford ENG"]
[Date "2005.02.26"]
[Round "5.4"]
[White "Hansen, Herve"]
[Black "Forman, Karl L"]
[Result "0-1"]
[WhiteElo "1850"]
[BlackElo "2025"]
[PlyCount "96"]
[EventDate "2005.02.26"]
[SourceDate "2004.09.21"]

1. e4 Nf6 2. e5 Nd5 3. d4 d6 4. c4 Nb6 5. Bd3 Nc6 6. exd6 exd6 7. Ne2 Bg4 8. f3
Bd7 9. O-O Be7 10. Nbc3 Bf6 11. Re1 O-O 12. Kh1 Re8 13. Ne4 h6 14. Nxf6+ Qxf6
15. Bd2 Nxd4 16. Nxd4 Qxd4 17. Rxe8+ Rxe8 18. Bxh6 Qh4 19. Bd2 Nxc4 20. Be1
Rxe1+ 21. Qxe1 Qd4 22. Qc3 Qxc3 23. bxc3 Ne5 24. Be4 c6 25. Rb1 b6 26. a4 Kf8
27. a5 b5 28. Rd1 Ke7 29. Kg1 d5 30. Bc2 Nc4 31. Bd3 Nb2 32. Rd2 Na4 33. Rc2
Kd6 34. Kf2 Nc5 35. Ke3 Nxd3 36. Kxd3 Bf5+ 37. Kd2 Bxc2 38. Kxc2 c5 39. h4 Ke5
40. Kd3 Kf4 41. h5 Kg3 42. Ke3 Kxg2 43. Kf4 b4 44. cxb4 cxb4 45. Ke3 b3 46. Kd3
Kxf3 47. Kc3 f5 48. Kxb3 Ke2 0-1

[Event "4NCL/Div4a/HKFC vs. OXF2"]
[Site "Telford ENG"]
[Date "2005.02.26"]
[Round "5.5"]
[White "Hogarth, Mark J"]
[Black "Zhang, Marco"]
[Result "1-0"]
[WhiteElo "1929"]
[BlackElo "1845"]
[PlyCount "75"]
[EventDate "2005.02.26"]
[SourceDate "2004.09.21"]

1. d4 Nf6 2. Nf3 g6 3. c4 Bg7 4. Nc3 O-O 5. e4 c6 6. Be2 d5 7. e5 Ne8 8. h3 Nc7
9. c5 Nba6 10. a3 Ne6 11. Be3 Rb8 12. O-O Nac7 13. Qa4 Ra8 14. b4 Bd7 15. Rab1
b5 16. Qc2 Ne8 17. a4 a6 18. Ra1 Bh8 19. Ra2 N8c7 20. Rfa1 Ng7 21. Bh6 Re8 22.
Ra3 Bf5 23. Qa2 Qd7 24. Kh2 Nge6 25. Be3 Ng7 26. Nd2 a5 27. Qb2 axb4 28. Qxb4
bxa4 29. Nxa4 Qd8 30. Nb6 Rxa3 31. Rxa3 Bd7 32. Nb3 Nb5 33. Bxb5 cxb5 34. Ra7
Bc8 35. Qxb5 e6 36. Na5 Qh4 37. Rc7 Nf5 38. Qxe8+ 1-0

[Event "4NCL/Div4a/HKFC vs. OXF2"]
[Site "Telford ENG"]
[Date "2005.02.26"]
[Round "5.6"]
[White "Henbest, Kevin B"]
[Black "Bullock, Andrew"]
[Result "0-1"]
[WhiteElo "1795"]
[BlackElo "1985"]
[PlyCount "116"]
[EventDate "2005.02.26"]
[SourceDate "2004.09.21"]

1. e4 c5 2. Nf3 g6 3. d4 cxd4 4. Nxd4 Bg7 5. Nc3 d6 6. f4 Qb6 7. Nd5 Qxd4 8.
Qxd4 Bxd4 9. Nc7+ Kd8 10. Nxa8 b6 11. c3 Bg7 12. Be3 Nd7 13. Bb5 Ngf6 14. e5
Nd5 15. exd6 exd6 16. Bxb6+ N7xb6 17. O-O-O Bf8 18. Nxb6 Nxb6 19. Rhe1 Kc7 20.
Re8 a6 21. Bf1 Bd7 22. Re3 Be6 23. Bxa6 Be7 24. g4 Ra8 25. Bd3 Nd5 26. Re4 Nf6
27. Re2 Nxg4 28. f5 gxf5 29. Rf1 Bg5+ 30. Kc2 f4 31. Rg1 Ne3+ 32. Rxe3 fxe3 33.
Rxg5 Rxa2 34. Rg3 Ra5 35. Rxe3 Rh5 36. Re2 d5 37. b4 Kd6 38. Kc1 Rh3 39. Kc2 f5
40. b5 Bd7 41. Rf2 Rh5 42. Kb3 Kc5 43. Ka4 Rh4+ 44. Ka5 Rh3 45. Rd2 Rh6 46. Rb2
Rb6 47. Ka4 Rb8 48. Rb4 Rf8 49. Rf4 Rf6 50. h4 Rg6 51. Ka5 Rg1 52. Ka4 Rg4 53.
Rb4 Rxb4+ 54. cxb4+ Kb6 55. Kb3 f4 56. Bxh7 f3 57. Kc3 Bxb5 58. Bd3 f2 0-1

[Event "4NCL/Div4a/CAMB2 vs. NOTT"]
[Site "Telford ENG"]
[Date "2005.02.26"]
[Round "5.1"]
[White "Gooding, Ian"]
[Black "Barnes, Michael H"]
[Result "1/2-1/2"]
[WhiteElo "2085"]
[BlackElo "2254"]
[PlyCount "105"]
[EventDate "2005.02.26"]
[SourceDate "2004.09.21"]

1. e4 c5 2. Nf3 Nc6 3. d4 cxd4 4. Nxd4 Qb6 5. Nb3 e6 6. Nc3 Nf6 7. a3 a6 8. Be2
Be7 9. O-O O-O 10. Be3 Qc7 11. f4 d6 12. Bf3 Rb8 13. Qe1 b6 14. Rd1 Na5 15.
Nxa5 bxa5 16. Bc1 Nd7 17. Qg3 Bb7 18. Kh1 Bf6 19. e5 Be7 20. exd6 Bxd6 21. Ne4
Be7 22. Rf2 Nf6 23. Nxf6+ Bxf6 24. b3 Rfd8 25. Rfd2 Rxd2 26. Rxd2 a4 27. Bxb7
Rxb7 28. b4 h6 29. Qf3 Qc4 30. Qd3 Qxd3 31. Rxd3 Rc7 32. Rd2 Rc4 33. g3 Re4 34.
Rd1 Kf8 35. Kg1 Re2 36. c4 Rc2 37. c5 Ke7 38. h4 h5 39. Kf1 Rc3 40. Kf2 Rb3 41.
Be3 Rc3 42. Rd6 Rc2+ 43. Kf3 Rc3 44. Ke4 Rc4+ 45. Bd4 Bxd4 46. Rxd4 Rc1 47. Rd6
a5 48. Ra6 axb4 49. Ra7+ Kf6 50. axb4 Rc4+ 51. Kd3 Rxb4 52. c6 Rb6 53. c7
1/2-1/2

[Event "4NCL/Div4a/CAMB2 vs. NOTT"]
[Site "Telford ENG"]
[Date "2005.02.26"]
[Round "5.2"]
[White "Truman, Richard G"]
[Black "Jones, Richard M"]
[Result "1/2-1/2"]
[WhiteElo "2019"]
[BlackElo "2072"]
[PlyCount "71"]
[EventDate "2005.02.26"]
[SourceDate "2004.09.21"]

1. d4 Nf6 2. c4 e6 3. Nc3 Bb4 4. e3 c5 5. Nge2 b6 6. a3 Bxc3+ 7. Nxc3 Bb7 8. d5
d6 9. e4 e5 10. Be2 O-O 11. O-O Qe7 12. Bg5 h6 13. Bh4 Nbd7 14. b4 g5 15. Bg3
Nxe4 16. Nxe4 f5 17. Bd3 fxe4 18. Bxe4 Nf6 19. Qd3 Nxe4 20. Qxe4 Qh7 21. Rfe1
Bc8 22. Qxh7+ Kxh7 23. f3 Bf5 24. Re3 Kg6 25. Ra2 Rac8 26. Rc3 Rf7 27. b5 Rcf8
28. h3 h5 29. a4 g4 30. hxg4 hxg4 31. a5 gxf3 32. gxf3 Bb1 33. Rg2 Kh6 34. Rh2+
Kg6 35. Rg2 Kh6 36. Rh2+ 1/2-1/2

[Event "4NCL/Div4a/CAMB2 vs. NOTT"]
[Site "Telford ENG"]
[Date "2005.02.26"]
[Round "5.3"]
[White "Campbell, Mark"]
[Black "Thompson, Brian"]
[Result "0-1"]
[WhiteElo "2030"]
[BlackElo "2060"]
[PlyCount "90"]
[EventDate "2005.02.26"]
[SourceDate "2004.09.21"]

1. e4 c5 2. Nf3 d6 3. d4 cxd4 4. Nxd4 Nf6 5. Nc3 g6 6. Be3 Bg7 7. f3 O-O 8. Qd2
Nc6 9. O-O-O Bd7 10. g4 Qa5 11. Kb1 Rfc8 12. h4 h5 13. gxh5 Nxh5 14. Nd5 Qxd2
15. Rxd2 Kf8 16. Nb5 Ng3 17. Rg1 Nxf1 18. Rxf1 Be6 19. Nbc7 Rab8 20. Nxe6+ fxe6
21. Nf4 Kf7 22. h5 gxh5 23. Nxh5 Rg8 24. Rg2 Bd4 25. Rxg8 Rxg8 26. Bxd4 Nxd4
27. c3 Ne2 28. Rf2 Rg5 29. Rxe2 Rxh5 30. Kc2 Rh3 31. Rf2 Kf6 32. Kd3 Ke5 33. c4
Kf4 34. Ke2 Kg3 35. f4 Kg4 36. Kd2 Rf3 37. Rxf3 Kxf3 38. Kd3 Kxf4 39. Kd4 e5+
40. Kd3 b6 41. b4 a5 42. a3 axb4 43. axb4 Kf3 44. c5 dxc5 45. bxc5 bxc5 0-1

[Event "4NCL/Div4a/CAMB2 vs. NOTT"]
[Site "Telford ENG"]
[Date "2005.02.26"]
[Round "5.4"]
[White "Webster, Richard J"]
[Black "Low, Ying Min"]
[Result "1/2-1/2"]
[WhiteElo "1968"]
[BlackElo "2026"]
[PlyCount "62"]
[EventDate "2005.02.26"]
[SourceDate "2004.09.21"]

1. d4 Nf6 2. Nf3 e6 3. c4 b6 4. Nc3 Bb4 5. Bd2 Bb7 6. e3 O-O 7. Be2 c5 8. O-O
d6 9. a3 Bxc3 10. Bxc3 Ne4 11. Rc1 Nxc3 12. Rxc3 Nd7 13. Rd3 d5 14. dxc5 Nxc5
15. Rd4 Qe7 16. cxd5 Bxd5 17. Bc4 Bxc4 18. Rxc4 b5 19. Rd4 Rfd8 20. Qe2 a6 21.
Rfd1 f6 22. b4 Na4 23. Qd2 Rxd4 24. Nxd4 Rc8 25. Rc1 Qd7 26. Rxc8+ Qxc8 27. Kf1
Kf7 28. Qc2 Qxc2 29. Nxc2 e5 30. Ke2 Ke6 31. e4 Kd6 1/2-1/2

[Event "4NCL/Div4a/CAMB2 vs. NOTT"]
[Site "Telford ENG"]
[Date "2005.02.26"]
[Round "5.5"]
[White "Kreuzer, Christopher"]
[Black "Wright, Antony J"]
[Result "1/2-1/2"]
[WhiteElo "1955"]
[BlackElo "1990"]
[PlyCount "100"]
[EventDate "2005.02.26"]
[SourceDate "2004.09.21"]

1. e4 e6 2. d4 d5 3. exd5 exd5 4. c4 Nf6 5. Nc3 Be7 6. Bg5 c6 7. Bd3 dxc4 8.
Bxc4 O-O 9. Nge2 Nbd7 10. O-O Nb6 11. Bb3 h6 12. Bxf6 Bxf6 13. Qd3 g6 14. Qxg6+
Bg7 15. Rad1 Nd5 16. Qd3 Ne7 17. Ng3 Kh8 18. Nh5 Bf5 19. Qe3 Bg6 20. Nxg7 Kxg7
21. Rfe1 Nf5 22. Qf4 Qg5 23. Qe5+ Qf6 24. Ne4 Qxe5 25. dxe5 Rfd8 26. Bc2 Nd4
27. Bb1 b6 28. Ng3 Rd5 29. Bxg6 Kxg6 30. Ne4 Rad8 31. Nd6 f6 32. f4 Ne2+ 33.
Kf1 Rxd1 34. Rxd1 Nxf4 35. exf6 Nd5 36. Nc4 b5 37. Ne5+ Kxf6 38. Re1 Rd6 39.
Ng4+ Kg5 40. h3 h5 41. Re5+ Kg6 42. Nh2 Nf4 43. Nf3 Rd1+ 44. Re1 Rxe1+ 45. Kxe1
Kf6 46. Nd4 Nxg2+ 47. Kf2 Nf4 48. Nxc6 a6 49. Nb4 a5 50. Nc6 a4 1/2-1/2

[Event "4NCL/Div4a/CAMB2 vs. NOTT"]
[Site "Telford ENG"]
[Date "2005.02.26"]
[Round "5.6"]
[White "Graham, Neil"]
[Black "Kapadia, Sujit"]
[Result "1-0"]
[WhiteElo "1890"]
[BlackElo "1835"]
[PlyCount "37"]
[EventDate "2005.02.26"]
[SourceDate "2004.09.21"]

1. d4 d5 2. e4 dxe4 3. Nc3 Nf6 4. f3 exf3 5. Nxf3 c5 6. d5 g6 7. Bc4 Bg7 8. O-O
a6 9. a4 O-O 10. Bg5 b6 11. Qd2 Bb7 12. Rad1 Nbd7 13. d6 e5 14. Nd5 e4 15. Ne7+
Kh8 16. Nh4 Qb8 17. Bxf6 Bxf6 18. Rxf6 e3 19. Qc3 1-0

[Event "4NCL/Div4a/GUI4 vs. CHED"]
[Site "Telford ENG"]
[Date "2005.02.26"]
[Round "5.1"]
[White "Andersson, Frans"]
[Black "Buxton, David E"]
[Result "0-1"]
[WhiteElo "2103"]
[BlackElo "2130"]
[PlyCount "82"]
[EventDate "2005.02.26"]
[SourceDate "2004.09.21"]

1. d4 d5 2. Nf3 Nf6 3. c4 e6 4. g3 g6 5. Bg2 Bg7 6. O-O O-O 7. Nc3 c6 8. Bg5
Qb6 9. Bxf6 Bxf6 10. e4 Qxb2 11. Qd3 dxc4 12. Qxc4 b5 13. Qc5 b4 14. Na4 Qa3
15. Qc2 Ba6 16. Rfd1 Bb5 17. Nc5 Be7 18. Qd2 Rd8 19. Qf4 Nd7 20. Nb7 Rf8 21. e5
Be2 22. Rdc1 Bxf3 23. Bxf3 Bg5 24. Qxg5 Qxf3 25. Qe7 Qd5 26. Nd6 Rad8 27. Nxf7
Rde8 28. Nh6+ Kh8 29. Qd6 Qf3 30. Qxc6 Qxf2+ 31. Kh1 Qxd4 32. Rd1 Qxe5 33. Qxd7
Qe4+ 34. Kg1 Qe3+ 35. Kh1 Qxh6 36. Qxa7 Rf3 37. Rd7 Ref8 38. Qc7 Qh5 39. Qd6
Qf5 40. Qd4+ e5 41. Qa7 Qh3 0-1

[Event "4NCL/Div4a/GUI4 vs. CHED"]
[Site "Telford ENG"]
[Date "2005.02.26"]
[Round "5.2"]
[White "Gregory, Philip J"]
[Black "Allinson, Julian"]
[Result "1-0"]
[WhiteElo "2025"]
[BlackElo "2107"]
[PlyCount "50"]
[EventDate "2005.02.26"]
[SourceDate "2004.09.21"]

1. e4 c6 2. d4 d5 3. exd5 cxd5 4. c4 e6 5. Nc3 Be7 6. Nf3 Nf6 7. cxd5 exd5 8.
Bf4 Nc6 9. Qb3 O-O 10. Rc1 Bg4 11. Qxb7 Bd6 12. Be3 Na5 13. Qa6 Rb8 14. Be2
Rxb2 15. O-O Bc8 16. Qd3 Nc6 17. Rb1 Nb4 18. Qd1 Rxb1 19. Qxb1 Qa5 20. Nb5 Ba6
21. Nxd6 Bxe2 22. Rc1 Bxf3 23. gxf3 Qa6 24. Nf5 Qe6 25. a3 Na6 1-0

[Event "4NCL/Div4a/GUI4 vs. CHED"]
[Site "Telford ENG"]
[Date "2005.02.26"]
[Round "5.3"]
[White "Stimpson, Philip M"]
[Black "Yee, John Y"]
[Result "1-0"]
[WhiteElo "2125"]
[BlackElo "1925"]
[PlyCount "125"]
[EventDate "2005.02.26"]
[SourceDate "2004.09.21"]

1. e4 c6 2. d4 d5 3. exd5 cxd5 4. c4 Nf6 5. Nc3 g6 6. cxd5 Nxd5 7. Qb3 Nxc3 8.
bxc3 Bg7 9. Be2 O-O 10. Bf3 Qc7 11. Ne2 Nc6 12. O-O Rb8 13. Qc4 Qd7 14. Bf4 Ra8
15. Rab1 Re8 16. Rfd1 e6 17. Ng3 Ne7 18. Ne4 Nd5 19. Nc5 Qc6 20. Qb3 Qb6 21.
Bxd5 exd5 22. Qxd5 Qc6 23. Qxc6 bxc6 24. Re1 Bf5 25. Rbd1 Bc2 26. Rc1 Bf5 27.
f3 Bf8 28. Ne4 Bg7 29. Nd6 Rxe1+ 30. Rxe1 Be6 31. a4 c5 32. Nb5 cxd4 33. Nxd4
Bc4 34. Kf2 Rc8 35. Re7 a6 36. Rc7 Rxc7 37. Bxc7 Bxd4+ 38. cxd4 Kf8 39. Ke3 Bd5
40. Kf4 f6 41. Bd8 Kf7 42. Ke3 g5 43. g3 h5 44. f4 Kg6 45. Bc7 Kf5 46. a5 Kg4
47. Kd3 gxf4 48. Bxf4 h4 49. Kc3 h3 50. Kb4 Kf3 51. Kc5 Ke4 52. Bh6 Bf7 53. Bg7
f5 54. Be5 Bd5 55. Kd6 Bc4 56. Ke7 Kf3 57. Kf6 Kg4 58. Bf4 Bb3 59. Ke5 Ba4 60.
d5 Bd7 61. Kd6 Be8 62. Ke7 Bb5 63. d6 1-0

[Event "4NCL/Div4a/GUI4 vs. CHED"]
[Site "Telford ENG"]
[Date "2005.02.26"]
[Round "5.4"]
[White "Sullivan, Daniel J S"]
[Black "Shepley, Julien M"]
[Result "1/2-1/2"]
[WhiteElo "1970"]
[BlackElo "2114"]
[PlyCount "59"]
[EventDate "2005.02.26"]
[SourceDate "2004.09.21"]

1. d4 d5 2. c4 e6 3. Nc3 c5 4. cxd5 cxd4 5. Qa4+ Bd7 6. Qxd4 exd5 7. Nxd5 Nc6
8. Qd1 Be6 9. e4 Bxd5 10. exd5 Bb4+ 11. Bd2 Qxd5 12. Bxb4 Qe4+ 13. Qe2 Qxe2+
14. Bxe2 Nxb4 15. Bb5+ Kf8 16. O-O-O Nxa2+ 17. Kb1 Nb4 18. Rd7 Rb8 19. Nf3 Nf6
20. Rd4 a5 21. Ne5 g6 22. Bc4 Kg7 23. Nxf7 Rhc8 24. Nd6 Rc5 25. Re1 b5 26. Re7+
Kh8 27. Nf7+ Kg7 28. Nd6+ Kh8 29. Nf7+ Kg7 30. Nd6+ 1/2-1/2

[Event "4NCL/Div4a/GUI4 vs. CHED"]
[Site "Telford ENG"]
[Date "2005.02.26"]
[Round "5.5"]
[White "Smart, Michael R"]
[Black "Yu, Yangshi"]
[Result "1-0"]
[WhiteElo "2070"]
[BlackElo "1945"]
[PlyCount "97"]
[EventDate "2005.02.26"]
[SourceDate "2004.09.21"]

1. e4 c5 2. Nf3 Nc6 3. d4 cxd4 4. Nxd4 g6 5. Nc3 Bg7 6. Be3 Nf6 7. Be2 O-O 8.
O-O d6 9. f4 Bd7 10. Qd2 Qa5 11. Nb3 Qd8 12. h3 a5 13. a4 Rc8 14. Rad1 Be6 15.
Nd4 Bd7 16. Bf3 Rb8 17. Ndb5 Be6 18. Qf2 Nd7 19. b3 b6 20. f5 Bxb3 21. cxb3 Nb4
22. Bd4 Ne5 23. Bxe5 Bxe5 24. Nd5 Na6 25. Qh4 Rb7 26. Be2 Nc5 27. Bc4 Kg7 28.
fxg6 hxg6 29. Ne3 e6 30. Qxd8 Rxd8 31. Ng4 Bg3 32. Rf3 Bh4 33. Rxd6 Nxe4 34.
Rxd8 Bxd8 35. Rd3 Be7 36. Ne5 Bc5+ 37. Kf1 Nf6 38. Nd6 Bxd6 39. Rxd6 Kf8 40.
Ba6 Rc7 41. Rxb6 Rc1+ 42. Kf2 Ne4+ 43. Ke3 Re1+ 44. Kd4 Nf6 45. Bd3 Rxe5 46.
Rb8+ Kg7 47. Kxe5 Nd7+ 48. Kd6 Nxb8 49. Kc7 1-0